000 03175nam0a2200409 4500
001 8766
003 http://catalogue.bnf.fr/ark:/12148/cb46742970g
010 _a978-2-84705-254-1
_bbr.
_d14,50 EUR
020 _aFR
_b02155557
021 _aFR
_bDLE-20210331-23409
035 _a11194
090 _a8766
100 _a20230924 frey50
101 0 _afre
102 _aFR
105 _a||||z 00|a|
106 _ar
181 0 _601
_ai
_bxxxe
181 _602
_ctxt
_2rdacontent
182 0 _601
_an
182 _602
_cn
_2rdamedia
200 1 _aLa terre entre les mondes
_ethéâtre
_fMétie Navajo
_bLIVR
214 0 _aLes Matelles
_cÉditions Espaces 34
_dDL 2021
214 3 _a37-Monts
_cImpr. Présence graphique
215 _a1 vol. (83 p.)
_d21 cm
225 _aEspace Théâtre contemporain
_x1158-9892
321 _aLa Revue des livres pour enfants
_x0398-8384
_c319
329 _cBravo !
_d20210601
_fFCA
_2CNLJ
_kAvis critique donné par le Centre national de la littérature pour la jeunesse
330 _aIl y a des régions tranquilles au Mexique, les plus éloignées des États-Unis et les plus proches de Dieu, c'est ce qu'on dit. Là, entre un village maya et les vastes plaines recouvertes de soja, qui un jour étaient forêts, au pied d'une croix qui ne porte plus de christ, deux jeunes filles creusent un trou pour un fantôme. La plus noire, Cecilia, est maya et vit au village avec son père. La plus blonde, Amalia, à peine plus jeune, appartient à une congrégation religieuse qui vit retranchée du monde. Elle n'a jamais vu plus loin que les plantations, elle a soif de forêts et d'océans. Autour d'elles, une sœur jalouse, une mère disparue, une morte qui refuse de mourir, et les dieux, silencieux ou déchus. À travers leurs yeux, ce sont deux univers qui se regardent. Une pièce, délicate et puissante, sur la disparition de l'environnement naturel, des cultures et des êtres devant le monde technologique moderne, mais aussi sur ce qui demeure : les croyances magiques, la force vitale de la jeunesse, la beauté de langues qui portent les histoires. Après des études de lettres, Métie Navajo enseigne en banlieue parisienne avant de se consacrer entièrement à l'écriture. Elle travaille depuis 2010 avec plusieurs compagnies dont la Compagnie Irrégulière, qu'elle crée avec des personnes sans papiers. Sa pièce Eldorado Dancing, remarquée par plusieurs comités de lecture (Journées de Lyon des auteurs de théâtre), est créée par Oblique compagnie. Métie Navajo est auteure associée au Théâtre Jean-Vilar de Vitry-sur-Seine de 2018 à 2021.
_2éditeur
333 _aÀ partir de 15 ans
_2CNLJ
_kAvis critique donné par le Centre national de la littérature pour la jeunesse
410 0 _034271193
_tCollection Espace théâtre (Montpellier)
_x1158-9892
_d2021
608 _3027253066
_aThéâtre
_2CNLJ
686 _a802
_2Classif. BNF
700 _aNavajo
_bMétie
_f1978-....
_316139152
_4070
_6Auteur
801 0 _aFR
_bFR-751131015
_c20210331
_gAFNOR
_hFRBNF467429700000001
930 _5FR-751131010:2021-86696
323 _a7 personnages